| 000 | 01146cab a2200301 4500 | ||
|---|---|---|---|
| 001 | ABS54079 | ||
| 008 | 090401t1995 xxu||||| |||| 00| 0 eng d | ||
| 035 | _a(Sirsi) u8347 | ||
| 041 | _aeng | ||
| 100 | _aGoodliffe, J. | ||
| 245 | _aSolicitors` duty of care | ||
| 260 | _c1995 | ||
| 350 | _a0 | ||
| 490 |
_aEstates Gazette _v(9544) 4 November 1995, 134-136(3) |
||
| 520 | _aWith reference to "Target Holdings v Redfern", "Mortgage Express Ltd v Bowerman & Partners", "Penn v Bristol and West Building Society", "Dixon v Rigby Golding & Co" and "NM Rothschild & Sons Ltd v Berensons" considers the extent of the solictors` liability when things go wrong. | ||
| 650 | _aBREACHES OF TRUST | ||
| 650 | _aDIXON V RIGBY GOLDING & CO | ||
| 650 | _aDUTY OF CARE | ||
| 650 | _aMORTGAGE EXPRESS LTD V BOWERMAN AND PARTNERS | ||
| 650 | _aMORTGAGE FRAUD | ||
| 650 | _aNM ROTHSCHILD AND SONS LTD V BERENSONS | ||
| 650 | _aPENN V BRISTOL AND WEST BUILDING SOCIETY | ||
| 650 | _aTARGET HOLDINGS V REDFERN | ||
| 690 | _aMANAGEMENT-BUSINESS MANAGEMENT-PROFESSIONAL PRACTICE | ||
| 700 | _aWilliams, P. | ||
| 942 | _n0 | ||
| 948 | _c04/03/1997 | ||
| 999 |
_c5127 _d5127 |
||